Historia de mi pueblo (Record no. 138418)

MARC details
000 -LEADER
campo de control de longitud fija 00564nam a2200169 4500
001 - NÚMERO DE CONTROL
campo de control 138418
003 - IDENTIFICADOR DE NÚMERO DE CONTROL
campo de control ES-MaACL
005 - FECHA Y HORA DE LA ÚLTIMA TRANSACCIÓN
campo de control 20230906195548.0
007 - CAMPO FIJO DE DESCRIPCIÓN FÍSICA--INFORMACIÓN GENERAL
campo de control de longitud fija t|
008 - DATOS DE LONGITUD FIJA--INFORMACIÓN GENERAL
campo de control de longitud fija 070214s1960 sp r ||||1| spa d
100 1# - ENTRADA PRINCIPAL--NOMBRE DE PERSONA
Nombre de persona Sandoval Mulleras, Agustín.
9 (RLIN) 103113
245 10 - MENCIÓN DEL TÍTULO
Título Historia de mi pueblo
Resto del título : la muy noble y muy leal ciudad de Villarrobledo /
Mención de responsabilidad, etc. por Agustín Sandoval Mulleras.
250 ## - MENCION DE EDICION
Mención de edición 1ª ed.
260 ## - PUBLICACIÓN, DISTRIBUCIÓN, ETC.
Lugar de publicación, distribución, etc. Albacete :
Nombre del editor, distribuidor, etc. [s. n.],
Fecha de publicación, distribución, etc. 1960 (
Fabricante Imp. Fuentes)
300 ## - DESCRIPCIÓN FÍSICA
Extensión 392 p., 3 lám. :
Otras características físicas il. ;
Dimensiones 22 cm +
Material acompañante/anejo 2 map.
852 ## - LOCALIZACIÓN
Ubicación ES-MaACL
Número de control de estantería C-20093
Sublocalización o colección R.48240
Holdings
Estatus retirado Estado de pérdida Estado de daño No para préstamo Biblioteca de origen Biblioteca actual Ubicación en estantería Fecha de adquisición Fuente de adquisición Total de préstamos Signatura topográfica completa Código de barras Visto por última vez Precio de reemplazo Tipo de ítem Koha
        Biblioteca del Ateneo de Madrid Biblioteca del Ateneo de Madrid Galería 17/01/2008     C-20093 1144032 23/02/2023 23/02/2023 Libro impreso